Jugurthine war conspiracy of catline (Record no. 127278)
[ view plain ]
| 000 -LEADER | |
|---|---|
| fixed length control field | 01451cam a2200349 a 4500 |
| 001 - CONTROL NUMBER | |
| control field | 1379426 |
| 003 - CONTROL NUMBER IDENTIFIER | |
| control field | ARRUPE |
| 005 - DATE AND TIME OF LATEST TRANSACTION | |
| control field | 20171130113621.0 |
| 008 - FIXED-LENGTH DATA ELEMENTS--GENERAL INFORMATION | |
| fixed length control field | 810904s1980 dk fh 000 0 eng |
| 010 ## - LIBRARY OF CONGRESS CONTROL NUMBER | |
| LC control number | 81178854 |
| 040 ## - CATALOGING SOURCE | |
| Original cataloging agency | DLC |
| Transcribing agency | DLC |
| Modifying agency | OCoLC |
| -- | DLC |
| 043 ## - GEOGRAPHIC AREA CODE | |
| Geographic area code | e------ |
| -- | ff----- |
| -- | aw----- |
| 050 00 - LIBRARY OF CONGRESS CALL NUMBER | |
| Classification number | DG259 |
| Item number | .C32 1980 |
| 082 00 - DEWEY DECIMAL CLASSIFICATION NUMBER | |
| Classification number | 937 |
| Edition number | 19 |
| 300 ## - PHYSICAL DESCRIPTION | |
| Other physical details | facsim. ; |
| Dimensions | 32 cm. |
| 245 00 - TITLE STATEMENT | |
| Title | Jugurthine war conspiracy of catline |
| Statement of responsibility, etc | by Sallust. and, Pharsalia / by Lucan. In old Norse, Rómverjasaga : AM 595 a-b 4to / edited by Jakob Benediktsson. |
| 260 ## - PUBLICATION, DISTRIBUTION, ETC. (IMPRINT) | |
| Place of publication, distribution, etc | Copenhagen : |
| Name of publisher, distributor, etc | Rosenkilde and Bagger, |
| Date of publication, distribution, etc | 1980. |
| 300 ## - PHYSICAL DESCRIPTION | |
| Extent | 23 p., [74] leaves of plates : |
| 440 #0 - SERIES STATEMENT/ADDED ENTRY--TITLE | |
| Title | Early Icelandic manuscripts in facsimile ; |
| Volume number/sequential designation | v. 23 |
| 9 (RLIN) | 37802 |
| 600 00 - SUBJECT ADDED ENTRY--PERSONAL NAME | |
| Personal name | Catiline, |
| Dates associated with a name | approximately 108 B.C.-62 B.C. |
| 9 (RLIN) | 37803 |
| 650 #0 - SUBJECT ADDED ENTRY--TOPICAL TERM | |
| Topical term or geographic name as entry element | Latin literature |
| General subdivision | Translations into Old Norse. |
| 9 (RLIN) | 37804 |
| 650 #0 - SUBJECT ADDED ENTRY--TOPICAL TERM | |
| Topical term or geographic name as entry element | Pharsalus, Battle of, Farsala, Greece, 48 B.C. |
| Form subdivision | Poetry. |
| 9 (RLIN) | 37805 |
| 650 #0 - SUBJECT ADDED ENTRY--TOPICAL TERM | |
| Topical term or geographic name as entry element | Manuscripts, Old Norse |
| General subdivision | Facsimiles. |
| 9 (RLIN) | 37806 |
| 650 #0 - SUBJECT ADDED ENTRY--TOPICAL TERM | |
| Topical term or geographic name as entry element | Jugurthine War, 111-105 B.C. |
| 9 (RLIN) | 37807 |
| 651 #0 - SUBJECT ADDED ENTRY--GEOGRAPHIC NAME | |
| Geographic name | Rome |
| General subdivision | History |
| Chronological subdivision | Conspiracy of Catiline, 65-62 B.C. |
| 9 (RLIN) | 37808 |
| 651 #0 - SUBJECT ADDED ENTRY--GEOGRAPHIC NAME | |
| Geographic name | Rome |
| General subdivision | History |
| Chronological subdivision | Civil War, 49-45 B.C. |
| General subdivision | Poetry. |
| 9 (RLIN) | 37809 |
| 700 0# - ADDED ENTRY--PERSONAL NAME | |
| Personal name | Jakob Benediktsson, |
| Dates associated with a name | 1907- |
| 9 (RLIN) | 37810 |
| 700 0# - ADDED ENTRY--PERSONAL NAME | |
| Personal name | Sallust, |
| Dates associated with a name | 86 B.C.-34 B.C. |
| Title of a work | Bellum Catilinae. |
| 9 (RLIN) | 37811 |
| 700 0# - ADDED ENTRY--PERSONAL NAME | |
| Personal name | Sallust, |
| Dates associated with a name | 86 B.C.-34 B.C. |
| Title of a work | Bellum Jugurthinum. |
| 9 (RLIN) | 37812 |
| 700 0# - ADDED ENTRY--PERSONAL NAME | |
| Personal name | Lucan, |
| Dates associated with a name | 39-65. |
| Title of a work | Pharsalia. |
| 9 (RLIN) | 37813 |
| 730 0# - ADDED ENTRY--UNIFORM TITLE | |
| Uniform title | Rómverja saga. |
| 9 (RLIN) | 37814 |
| 906 ## - LOCAL DATA ELEMENT F, LDF (RLIN) | |
| a | 7 |
| b | cbc |
| c | orignew |
| d | 3 |
| e | ncip |
| f | 19 |
| g | y-gencatlg |
| 942 ## - ADDED ENTRY ELEMENTS (KOHA) | |
| Source of classification or shelving scheme | Library of Congress Classification |
| Koha item type | Monograph ( Printed materials) |
| Withdrawn status | Lost status | Source of classification or shelving scheme | Damaged status | Not for loan | Collection code | Home library | Current library | Shelving location | Date acquired | Total Checkouts | Full call number | Barcode | Date last seen | Price effective from | Koha item type |
|---|---|---|---|---|---|---|---|---|---|---|---|---|---|---|---|
| Library of Congress Classification | Main Collection | ARRUPE COLLEGE BOOKSTORE | ARRUPE COLLEGE BOOKSTORE | Main Collection | 30/11/2017 | PR-4-1 | 46500028240 | 30/11/2017 | 30/11/2017 | Monograph ( Printed materials) | |||||
| Library of Congress Classification | Main Collection | ARRUPE COLLEGE BOOKSTORE | ARRUPE COLLEGE BOOKSTORE | Main Collection | 30/11/2017 | PR-4-2 | 46500028239 | 30/11/2017 | 30/11/2017 | Monograph ( Printed materials) | |||||
| Library of Congress Classification | Main Collection | ARRUPE COLLEGE BOOKSTORE | ARRUPE COLLEGE BOOKSTORE | Main Collection | 30/11/2017 | PR-4-3 | 46500028238 | 30/11/2017 | 30/11/2017 | Monograph ( Printed materials) | |||||
| Library of Congress Classification | Main Collection | ARRUPE COLLEGE BOOKSTORE | ARRUPE COLLEGE BOOKSTORE | Main Collection | 30/11/2017 | PR-4-4 | 46500028423 | 30/11/2017 | 30/11/2017 | Monograph ( Printed materials) | |||||
| Library of Congress Classification | Main Collection | ARRUPE COLLEGE BOOKSTORE | ARRUPE COLLEGE BOOKSTORE | Main Collection | 30/11/2017 | PR-4-5 | 46500028422 | 30/11/2017 | 30/11/2017 | Monograph ( Printed materials) | |||||
| Library of Congress Classification | Main Collection | ARRUPE COLLEGE BOOKSTORE | ARRUPE COLLEGE BOOKSTORE | Main Collection | 30/11/2017 | PR-4-6 | 46500028421 | 30/11/2017 | 30/11/2017 | Monograph ( Printed materials) | |||||
| Library of Congress Classification | Main Collection | ARRUPE COLLEGE BOOKSTORE | ARRUPE COLLEGE BOOKSTORE | Main Collection | 30/11/2017 | PR-4-7 | 46500028426 | 30/11/2017 | 30/11/2017 | Monograph ( Printed materials) | |||||
| Library of Congress Classification | Main Collection | ARRUPE COLLEGE BOOKSTORE | ARRUPE COLLEGE BOOKSTORE | Main Collection | 30/11/2017 | PR-4-8 | 46500028425 | 30/11/2017 | 30/11/2017 | Monograph ( Printed materials) | |||||
| Library of Congress Classification | Main Collection | ARRUPE COLLEGE BOOKSTORE | ARRUPE COLLEGE BOOKSTORE | Main Collection | 30/11/2017 | PR-4-9 | 46500028424 | 30/11/2017 | 30/11/2017 | Monograph ( Printed materials) | |||||
| Library of Congress Classification | Main Collection | ARRUPE COLLEGE BOOKSTORE | ARRUPE COLLEGE BOOKSTORE | Main Collection | 30/11/2017 | PR-4-10 | 46500028429 | 30/11/2017 | 30/11/2017 | Monograph ( Printed materials) | |||||
| Library of Congress Classification | Main Collection | ARRUPE COLLEGE BOOKSTORE | ARRUPE COLLEGE BOOKSTORE | Main Collection | 30/11/2017 | PR-4-11 | 46500028428 | 30/11/2017 | 30/11/2017 | Monograph ( Printed materials) |